000 00417nam a2200145 a 4500
001 000048077
005 20201002060915.0
008 181113s2015 dr ab 000 0 spa d
040 _aDO-SdBNP
_bspa
_cBNPHU
082 _axxxx
_bJ58r
245 0 4 _aLos jesuitas en la República Dominicana.
260 _aSanto Domingo :
_b[s.n.] p.,
_c2015.
300 _a[16] p. :
_bil. mapas ;
_c23 cm.
590 _aInventariado, 2018/LP
999 _c47565
_d47565